Handbook of software engineering / (Record no. 60965)

000 -LEADER
fixed length control field 01195cam a2200301 a 4500
001 - CONTROL NUMBER
control field 1389562
003 - CONTROL NUMBER IDENTIFIER
control field NUST-PNEC
005 - DATE AND TIME OF LATEST TRANSACTION
control field 20170116180711.0
008 - FIXED-LENGTH DATA ELEMENTS--GENERAL INFORMATION
fixed length control field 821227s1984 nyua b 001 0 eng
010 ## - LIBRARY OF CONGRESS CONTROL NUMBER
LC control number 82024784
020 ## - INTERNATIONAL STANDARD BOOK NUMBER
International Standard Book Number 0442262515
040 ## - CATALOGING SOURCE
Transcribing agency PNEC
050 00 - LIBRARY OF CONGRESS CALL NUMBER
Classification number QA76.6
Item number .H3335 1984
082 00 - DEWEY DECIMAL CLASSIFICATION NUMBER
Classification number 001.6425
100 ## - MAIN ENTRY--PERSONAL NAME
9 (RLIN) 541
Personal name Vick, C.R.
245 00 - TITLE STATEMENT
Title Handbook of software engineering /
Statement of responsibility, etc. edited by C.R. Vick, C.V. Ramamoorthy.
260 ## - PUBLICATION, DISTRIBUTION, ETC.
Place of publication, distribution, etc. New Delhi
Name of publisher, distributor, etc. CBS Publishers & Distributors
Date of publication, distribution, etc. c1986.
300 ## - PHYSICAL DESCRIPTION
Extent xxxiii, 683 p. :
Other physical details ill. ;
Dimensions 26 cm.
440 #0 - SERIES STATEMENT/ADDED ENTRY--TITLE
Title Van Nostrand Reinhold electrical/computer science and engineering series
500 ## - GENERAL NOTE
General note Includes Index http://www.amazon.com/Handbook-Software-Engineering-electrical-engineering/dp/0442262515/ref=sr_1_1?s=books&ie=UTF8&qid=1412924273&sr=1-1&keywords=HANDBOOK+OF+SOFTWARE+ENGINEERING+BY+C.R.+VICK
504 ## - BIBLIOGRAPHY, ETC. NOTE
Bibliography, etc. note Includes bibliographical references and index.
650 #0 - SUBJECT ADDED ENTRY--TOPICAL TERM
Topical term or geographic name entry element Software engineering
General subdivision MIS
700 1# - ADDED ENTRY--PERSONAL NAME
Personal name Vick, Charles R.
Fuller form of name (Charles Ralph)
700 1# - ADDED ENTRY--PERSONAL NAME
Personal name Ramamoorthy, C. V.
Fuller form of name (Chittoor V.),
Dates associated with a name 1926-
740 0# - ADDED ENTRY--UNCONTROLLED RELATED/ANALYTICAL TITLE
Uncontrolled related/analytical title Software engineering.
906 ## - LOCAL DATA ELEMENT F, LDF (RLIN)
a 7
b cbc
c orignew
d 1
e ocip
f 19
g y-gencatlg
942 ## - ADDED ENTRY ELEMENTS (KOHA)
Source of classification or shelving scheme
Koha item type Book
Holdings
Withdrawn status Lost status Source of classification or shelving scheme Damaged status Not for loan Permanent Location Current Location Shelving location Date acquired Source of acquisition Cost, normal purchase price Total Checkouts Full call number Barcode Date last seen Cost, replacement price Price effective from Koha item type
          Pakistan Navy Engineering College (PNEC) Pakistan Navy Engineering College (PNEC) Reference 01/23/1999 Pak American 688.00   001.6425 PNECLIB-020354 10/10/2014 688.00 01/23/1999 Book
© 2023 Central Library, National University of Sciences and Technology. All Rights Reserved.